000 01376nmm a2200421 a 4500
003 AR-BaBNM
005 20251128205143.0
008 216119s1993 ||||||||||||||000 | spa||
020 _a950-515-368-5
040 _cAR-BaBNM
245 1 0 _aEl ejercicio del saber y la diferencia de los sexos
250 _a1ª ed.
260 _aBuenos Aires
_bEdiciones de la Flor
_c1993
300 0 _a183 p.
_bgráfs.
500 0 _aLa dialéctica de los sexos ante la conquista del conocimiento
500 1 _aEn junio de 1990 se organizó en el Colegio Internacional de Filosofía, con sede en París, un coloquio con el título y trabajos que reúne este volúmen
504 _aContiene bibliografía
650 4 _aCIENCIAS DE LA EDUCACION
650 4 _aFILOSOFIA DE LA EDUCACION
650 4 _aEDUCACION DE LA MUJER
650 4 _aDERECHOS DE LA MUJER
650 4 _aMUJERES
650 4 _aDISCRIMINACION SEXUAL
650 4 _aCOMPORTAMIENTO SEXUAL
650 4 _aROLES SEXUALES
650 4 _aPSICOANALISIS
650 4 _aDIFERENCIAS ENTRE SEXOS
653 0 _aTRADUCTORES
700 1 _aFraisse, Geneviève
700 1 _aSissa, Giulia
700 1 _aBalibar, Francoise
700 1 _aRousseau-Dujardin, Jacqueline
700 1 _aBadiou, Alain
700 1 _aDavid-Ménard, Monique
700 1 _aGoldstein, Víctor
_etraductor
942 _cBK
998 _cEnrique
999 _c10214
_d10214